Vocabulary By Letter - A - Statistics

General Stats
  • This quiz has been taken 169 times
    147 since last reset
  • The average score is 5 of 10
Answer Stats
Meaning: Answer % Correct
a vehicle designed for air travel that has wings and one or more engines Airplane / Aeroplane / airplane / aeroplane
98%
living, not dead Alive / alive
96%
a set of rooms for living in, especially on one floor of a building Apartment / apartment
81%
relating to schools, colleges, and universities, or connected with studying or thinking, not with practical skills Academy / academy / academic
76%
an illness in which the appendix is infected and painful and usually removed needs to be removed in an operation appendicitis / Appendicitis
70%
to go or move something forward, or to develop or improve something advance / Advance
44%
a greenish-blue stone used in jewels Aquamarine / aquamarine
39%
the fact of accepting that something is true or right acknowledge / Acknowledge / acknowledgement
20%
modern and well developed advanced / Advanced
13%
attractive or excited alluring / Alluring
9%
No matching quizzes found
Score Distribution
Percent of People with Each Score
Percentile by Number Answered
Your Score History
You have not taken this quiz since the last reset